000
002810000a22001330004500
003
MACL
040
_a
MACL
090
_c
32817
_d
32815
100
_a
Farkas, Bart
245
_a
Upgrading PCs
260
_b
Peachpit press
_c
1999
650
_a
Computer science
942
_c
BOOK
_k
004/Far
999
_c
32481
_d
32481